<?xml version="1.0" encoding="UTF-8"?>
<record
    xmlns:xsi="http://www.w3.org/2001/XMLSchema-instance"
    xsi:schemaLocation="http://www.loc.gov/MARC21/slim http://www.loc.gov/standards/marcxml/schema/MARC21slim.xsd"
    xmlns="http://www.loc.gov/MARC21/slim">

  <leader>00727nam a22001577a 4500</leader>
  <controlfield tag="003">OSt</controlfield>
  <controlfield tag="005">20151209161506.0</controlfield>
  <controlfield tag="008">151209b        xxu||||| |||| 00| 0 eng d</controlfield>
  <datafield tag="040" ind1=" " ind2=" ">
    <subfield code="c">RUA</subfield>
  </datafield>
  <datafield tag="082" ind1=" " ind2=" ">
    <subfield code="a">ATM.s LY 2004 B200 Or.1</subfield>
  </datafield>
  <datafield tag="100" ind1=" " ind2=" ">
    <subfield code="9">4616</subfield>
    <subfield code="a">LY, HONGSRENG.</subfield>
  </datafield>
  <datafield tag="245" ind1=" " ind2=" ">
    <subfield code="a">The situation of catfish (pangasius sp) culture in chhnuk tru and phsachhnang communes kampong chhnang province, &#x179F;&#x17D2;&#x1790;&#x17B6;&#x1793;&#x1797;&#x17B6;&#x1796;&#x1793;&#x17C3;&#x1780;&#x17B6;&#x179A;&#x1785;&#x17B7;&#x1789;&#x17D2;&#x1785;&#x17B9;&#x1798;&#x178F;&#x17D2;&#x179A;&#x17B8;&#x1794;&#x17D2;&#x178A;&#x17BC;&#x179A;&#x178F;&#x17B6;&#x1798;&#x1794;&#x17C2;&#x1793;&#x17C5;&#x1783;&#x17BB;&#x17C6;&#x1786;&#x17D2;&#x1793;&#x17BB;&#x1780;&#x1791;&#x17D2;&#x179A;&#x17BC; &#x1793;&#x17B7;&#x1784;&#x1783;&#x17BB;&#x17C6;&#x1795;&#x17D2;&#x179F;&#x17B6;&#x179A;&#x1786;&#x17D2;&#x1793;&#x17B6;&#x17C6;&#x1784; &#x1781;&#x17C1;&#x178F;&#x17D2;&#x178F;&#x1780;&#x17C6;&#x1796;&#x1784;&#x17CB;&#x1786;&#x17D2;&#x1793;&#x17B6;&#x17C6;&#x1784;</subfield>
  </datafield>
  <datafield tag="260" ind1=" " ind2=" ">
    <subfield code="a">Phnom Penh</subfield>
    <subfield code="b">RUA</subfield>
    <subfield code="c">29cm.</subfield>
  </datafield>
  <datafield tag="300" ind1=" " ind2=" ">
    <subfield code="a">ix; 54p.</subfield>
    <subfield code="b">ill.</subfield>
    <subfield code="c">29cm.</subfield>
  </datafield>
  <datafield tag="942" ind1=" " ind2=" ">
    <subfield code="2">ddc</subfield>
    <subfield code="c">ATMSP</subfield>
  </datafield>
  <datafield tag="999" ind1=" " ind2=" ">
    <subfield code="c">4302</subfield>
    <subfield code="d">4302</subfield>
  </datafield>
  <datafield tag="952" ind1=" " ind2=" ">
    <subfield code="0">0</subfield>
    <subfield code="1">0</subfield>
    <subfield code="2">ddc</subfield>
    <subfield code="4">0</subfield>
    <subfield code="6">ATM__S_LY_2004_000000000000000_B200_OR_1</subfield>
    <subfield code="7">0</subfield>
    <subfield code="9">21807</subfield>
    <subfield code="a">LBB</subfield>
    <subfield code="b">LBB</subfield>
    <subfield code="c">B200</subfield>
    <subfield code="d">2015-12-09</subfield>
    <subfield code="o">ATM.s LY 2004 B200 Or.1</subfield>
    <subfield code="p">RUA033913</subfield>
    <subfield code="r">2015-12-09</subfield>
    <subfield code="w">2015-12-09</subfield>
    <subfield code="y">ATMSP</subfield>
  </datafield>
  <datafield tag="952" ind1=" " ind2=" ">
    <subfield code="0">0</subfield>
    <subfield code="1">0</subfield>
    <subfield code="2">ddc</subfield>
    <subfield code="4">0</subfield>
    <subfield code="6">ATM__S_LY_2004_000000000000000_B200_OR_2</subfield>
    <subfield code="7">0</subfield>
    <subfield code="9">21808</subfield>
    <subfield code="a">LBB</subfield>
    <subfield code="b">LBB</subfield>
    <subfield code="c">B200</subfield>
    <subfield code="d">2015-12-09</subfield>
    <subfield code="o">ATM.s LY 2004 B200 Or.2</subfield>
    <subfield code="p">RUA016852</subfield>
    <subfield code="r">2015-12-09</subfield>
    <subfield code="w">2015-12-09</subfield>
    <subfield code="y">ATMSP</subfield>
  </datafield>
  <datafield tag="952" ind1=" " ind2=" ">
    <subfield code="0">0</subfield>
    <subfield code="1">0</subfield>
    <subfield code="2">ddc</subfield>
    <subfield code="4">0</subfield>
    <subfield code="6">ATM__S_LY_2004_000000000000000_B200_OR_3</subfield>
    <subfield code="7">0</subfield>
    <subfield code="9">21809</subfield>
    <subfield code="a">LBB</subfield>
    <subfield code="b">LBB</subfield>
    <subfield code="c">B200</subfield>
    <subfield code="d">2015-12-09</subfield>
    <subfield code="o">ATM.s LY 2004 B200 Or.3</subfield>
    <subfield code="p">RUA016565</subfield>
    <subfield code="r">2015-12-09</subfield>
    <subfield code="w">2015-12-09</subfield>
    <subfield code="y">ATMSP</subfield>
  </datafield>
  <datafield tag="952" ind1=" " ind2=" ">
    <subfield code="0">0</subfield>
    <subfield code="1">0</subfield>
    <subfield code="2">ddc</subfield>
    <subfield code="4">0</subfield>
    <subfield code="6">ATM__S_LY_2004_000000000000000_B200_OR_4</subfield>
    <subfield code="7">0</subfield>
    <subfield code="9">21810</subfield>
    <subfield code="a">LBB</subfield>
    <subfield code="b">LBB</subfield>
    <subfield code="c">B200</subfield>
    <subfield code="d">2015-12-09</subfield>
    <subfield code="o">ATM.s LY 2004 B200 Or.4</subfield>
    <subfield code="p">RUA016931</subfield>
    <subfield code="r">2015-12-09</subfield>
    <subfield code="w">2015-12-09</subfield>
    <subfield code="y">ATMSP</subfield>
  </datafield>
  <datafield tag="952" ind1=" " ind2=" ">
    <subfield code="0">0</subfield>
    <subfield code="1">0</subfield>
    <subfield code="2">ddc</subfield>
    <subfield code="4">0</subfield>
    <subfield code="6">ATM__S_LY_2004_000000000000000_B200_OR_5</subfield>
    <subfield code="7">0</subfield>
    <subfield code="9">21811</subfield>
    <subfield code="a">LBB</subfield>
    <subfield code="b">LBB</subfield>
    <subfield code="c">B200</subfield>
    <subfield code="d">2015-12-09</subfield>
    <subfield code="o">ATM.s LY 2004 B200 Or.5</subfield>
    <subfield code="p">RUA016993</subfield>
    <subfield code="r">2015-12-09</subfield>
    <subfield code="w">2015-12-09</subfield>
    <subfield code="y">ATMSP</subfield>
  </datafield>
  <datafield tag="952" ind1=" " ind2=" ">
    <subfield code="0">0</subfield>
    <subfield code="1">0</subfield>
    <subfield code="2">ddc</subfield>
    <subfield code="4">0</subfield>
    <subfield code="6">ATM__S_LY_2004_000000000000000_B200_OR_6</subfield>
    <subfield code="7">0</subfield>
    <subfield code="9">21812</subfield>
    <subfield code="a">LBB</subfield>
    <subfield code="b">LBB</subfield>
    <subfield code="c">B200</subfield>
    <subfield code="d">2015-12-09</subfield>
    <subfield code="o">ATM.s LY 2004 B200 Or.6</subfield>
    <subfield code="p">RUA016947</subfield>
    <subfield code="r">2015-12-09</subfield>
    <subfield code="w">2015-12-09</subfield>
    <subfield code="y">ATMSP</subfield>
  </datafield>
  <datafield tag="952" ind1=" " ind2=" ">
    <subfield code="0">0</subfield>
    <subfield code="1">0</subfield>
    <subfield code="2">ddc</subfield>
    <subfield code="4">0</subfield>
    <subfield code="6">ATM__S_LY_2004_000000000000000_B200_OR_7</subfield>
    <subfield code="7">0</subfield>
    <subfield code="9">21813</subfield>
    <subfield code="a">LBB</subfield>
    <subfield code="b">LBB</subfield>
    <subfield code="c">B200</subfield>
    <subfield code="d">2015-12-09</subfield>
    <subfield code="o">ATM.s LY 2004 B200 Or.7</subfield>
    <subfield code="p">RUA016637</subfield>
    <subfield code="r">2015-12-09</subfield>
    <subfield code="w">2015-12-09</subfield>
    <subfield code="y">ATMSP</subfield>
  </datafield>
  <datafield tag="952" ind1=" " ind2=" ">
    <subfield code="0">0</subfield>
    <subfield code="1">0</subfield>
    <subfield code="2">ddc</subfield>
    <subfield code="4">0</subfield>
    <subfield code="6">ATM__S_LY_2004_000000000000000_B200_OR_8</subfield>
    <subfield code="7">0</subfield>
    <subfield code="9">21814</subfield>
    <subfield code="a">LBB</subfield>
    <subfield code="b">LBB</subfield>
    <subfield code="c">B200</subfield>
    <subfield code="d">2015-12-09</subfield>
    <subfield code="o">ATM.s LY 2004 B200 Or.8</subfield>
    <subfield code="p">RUA033817</subfield>
    <subfield code="r">2015-12-09</subfield>
    <subfield code="w">2015-12-09</subfield>
    <subfield code="y">ATMSP</subfield>
  </datafield>
  <datafield tag="952" ind1=" " ind2=" ">
    <subfield code="0">0</subfield>
    <subfield code="1">0</subfield>
    <subfield code="2">ddc</subfield>
    <subfield code="4">0</subfield>
    <subfield code="6">ATM__S_LY_2004_000000000000000_B200_OR_9</subfield>
    <subfield code="7">0</subfield>
    <subfield code="9">21815</subfield>
    <subfield code="a">LBB</subfield>
    <subfield code="b">LBB</subfield>
    <subfield code="c">B200</subfield>
    <subfield code="d">2015-12-09</subfield>
    <subfield code="o">ATM.s LY 2004 B200 Or.9</subfield>
    <subfield code="p">RUA033452</subfield>
    <subfield code="r">2015-12-09</subfield>
    <subfield code="w">2015-12-09</subfield>
    <subfield code="y">ATMSP</subfield>
  </datafield>
  <datafield tag="952" ind1=" " ind2=" ">
    <subfield code="0">0</subfield>
    <subfield code="1">0</subfield>
    <subfield code="2">ddc</subfield>
    <subfield code="4">0</subfield>
    <subfield code="6">ATM__S_LY_2004_000000000000000_B200_OR_10</subfield>
    <subfield code="7">0</subfield>
    <subfield code="9">21816</subfield>
    <subfield code="a">LBB</subfield>
    <subfield code="b">LBB</subfield>
    <subfield code="c">B200</subfield>
    <subfield code="d">2015-12-09</subfield>
    <subfield code="o">ATM.s LY 2004 B200 Or.10</subfield>
    <subfield code="p">RUA033733</subfield>
    <subfield code="r">2015-12-09</subfield>
    <subfield code="w">2015-12-09</subfield>
    <subfield code="y">ATMSP</subfield>
  </datafield>
</record>
